| 000 | nam a22 7a 4500 | ||
|---|---|---|---|
| 999 |
_c7194 _d7194 |
||
| 003 | OSt | ||
| 005 | 20181205121534.0 | ||
| 008 | 181203s2014 fr ||||| |||| 00| 0 fre d | ||
| 020 | _a9782362200243 | ||
| 040 |
_aCDMR _bcat _cCDMR |
||
| 245 | 1 | 0 | _a100 photos by the VII agency for press freedom |
| 260 |
_aParis : _bReporters sans Frontieres, _c2014 |
||
| 300 |
_a144 p. : _bfotografies ; _c26 cm |
||
| 490 |
_aReporters without borders ; _v45 |
||
| 650 | 0 | 4 |
_91582 _aLlibertat d'impremta _xFotografia |
| 710 | 2 |
_91923 _aReportiers Sans Frontières |
|
| 942 |
_2udc _cMON |
||